000 00344nam a2200133Ia 4500
008 220216s9999 xx 000 0 und d
100 _aGaites G H
245 0 _aAutomatic control for vulcanisers and calender rolls
260 _bIRI Transactions
_c1937
300 _a34-49
650 _aCalernder rolls
650 _aVulcanisers
942 _cJS
999 _c54608
_d54608